<?xml version="1.0" encoding="UTF-8"?><?xml-stylesheet type="text/xsl" href="static/style.xsl"?><OAI-PMH xmlns="http://www.openarchives.org/OAI/2.0/" xmlns:xsi="http://www.w3.org/2001/XMLSchema-instance" xsi:schemaLocation="http://www.openarchives.org/OAI/2.0/ http://www.openarchives.org/OAI/2.0/OAI-PMH.xsd"><responseDate>2026-04-27T12:35:03Z</responseDate><request verb="GetRecord" identifier="oai:uvadoc.uva.es:10324/4500" metadataPrefix="marc">https://uvadoc.uva.es/oai/request</request><GetRecord><record><header><identifier>oai:uvadoc.uva.es:10324/4500</identifier><datestamp>2021-06-29T09:44:41Z</datestamp><setSpec>com_10324_38</setSpec><setSpec>col_10324_852</setSpec></header><metadata><record xmlns="http://www.loc.gov/MARC21/slim" xmlns:doc="http://www.lyncode.com/xoai" xmlns:xsi="http://www.w3.org/2001/XMLSchema-instance" xmlns:dcterms="http://purl.org/dc/terms/" xsi:schemaLocation="http://www.loc.gov/MARC21/slim http://www.loc.gov/standards/marcxml/schema/MARC21slim.xsd">
<leader>00925njm 22002777a 4500</leader>
<datafield tag="042" ind1=" " ind2=" ">
<subfield code="a">dc</subfield>
</datafield>
<datafield tag="720" ind1=" " ind2=" ">
<subfield code="a">Fuente del Ser, Cristina de la</subfield>
<subfield code="e">author</subfield>
</datafield>
<datafield tag="260" ind1=" " ind2=" ">
<subfield code="c">2014</subfield>
</datafield>
<datafield tag="520" ind1=" " ind2=" ">
<subfield code="a">El Trabajo de Fin de Grado, del título de Grado de Educación Primaria que a continuación se presenta resume los conocimientos adquiridos durante mi formación. En él se trabaja la metodología del Aprendizaje Servicio, a través de una unidad didáctica sobre la Unión Europea, y más concretamente sobre Finlandia, para niños/as del tercer ciclo de Educación Primaria.&#xd;
Al Aprendizaje Servicio, se le unen también la metodología colaborativa y la utilización de técnicas de dramatización, estrategias metodológicas todas ellas, integradas en este proyecto, a fin de lograr que los alumnos/as obtengan mejores resultados tanto académicos como personales, a través del servicio que prestarán a los ancianos dado que la unidad didáctica culmina con la aplicación de los aprendizajes realizados al diseño de un programa de televisión sobre Finlandia que se simulará en una residencia de ancianos, estableciendo así un intercambio intergeneracional que estimule y enriquezca a ambas partes, y que al tiempo sirva para atender a la necesidad social de conseguir que los ancianos sean una población activa en nuestra sociedad, plenamente integrados y valorados.</subfield>
</datafield>
<datafield tag="024" ind2=" " ind1="8">
<subfield code="a">http://uvadoc.uva.es/handle/10324/4500</subfield>
</datafield>
<datafield ind1=" " ind2=" " tag="653">
<subfield code="a">Educación cívica</subfield>
</datafield>
<datafield ind1=" " ind2=" " tag="653">
<subfield code="a">Aprendizaje - Trabajo en equipo</subfield>
</datafield>
<datafield ind1=" " ind2=" " tag="653">
<subfield code="a">Aprendizaje - Trabajo en equipo</subfield>
</datafield>
<datafield ind1=" " ind2=" " tag="653">
<subfield code="a">Aprendizaje colaborativo</subfield>
</datafield>
<datafield tag="245" ind1="0" ind2="0">
<subfield code="a">La metodología del aprendizaje servicio en el área de Conocimiento del Medio Social y Cultural: una propuesta práctica. La Unión Europea: Finlandia</subfield>
</datafield>
</record></metadata></record></GetRecord></OAI-PMH>